Rekordspieler des FC Bayern München - Statistiken

Allgemein
  • Dieses Quiz wurde 647 mal gespielt
  • Das Durchschnittsergebnis liegt bei 15 aus 25
Antwortstatistiken
Hint Antwort % Korrekt
427 Spiele ST Gerd Müller
99%
401 Spiele * ZOM Thomas Müller
99%
299 Spiele * TW Manuel Neuer
97%
429 Spiele TW Oliver Kahn
95%
332 Spiele RV / ZM Philipp Lahm
91%
342 Spiele ZM / LM Bastian Schweinsteiger
87%
396 Spiele LIB / IV Franz Beckenbauer
83%
237 Spiele * ST Robert Lewandowski
81%
473 Spiele TW Sepp Maier
80%
273 Spiele LF Franck Ribéry
79%
302 Spiele ZDM / LIB Lothar Matthäus
75%
229 Spiele IV Jérôme Boateng
73%
310 Spiele ST Karl-Heinz Rummenigge
66%
281 Spiele LV / IV David Alaba
64%
239 Spiele RF Uli Hoeneß
60%
255 Spiele ZM Paul Breitner
48%
404 Spiele LIB Klaus Augenthaler
42%
334 Spiele ZOM / LF / RF Mehmet Scholl
40%
416 Spiele IV Georg Schwarzenbeck
35%
322 Spiele ZDM / ST Franz Roth
21%
234 Spiele RM Hasan Salihamidzic
17%
254 Spiele ST Roland Wohlfarth
11%
277 Spiele LV Hans Pflügler
8%
375 Spiele ZDM Bernd Dürnberger
7%
242 Spiele LV Udo Horsmann
2%
Keine übereinstimmenden Quizze gefunden
Verteilung der Resultate
Anzahl Personen mit jedem Resultat
Perzentil nach korrekt beantworteten Fragen
Ihre Resultats-Entwicklung
Sie haben dieses Quiz noch nicht gespielt